Формирование иноязычной компетентности инженера в образовательном процессе новокузнецкого филиала ТПУ (на примере языковой школы); Уровневая подготовка специалистов: государственные и международные стандарты инженерного образования

Dades bibliogràfiques
Parent link:Уровневая подготовка специалистов: государственные и международные стандарты инженерного образования.— 2012.— [С. 255-257]
Autor principal: Морозова А. Л. Анна Леонидовна
Altres autors: Арнст Ю. А., Габдуллина А. И.
Sumari:Заглавие с экрана
Idioma:rus
Publicat: 2012
Col·lecció:Родной и иностранные языки в профессиональной деятельности инженера/специалиста
Matèries:
Accés en línia:http://www.lib.tpu.ru/fulltext/c/2012/C09/115.pdf
Format: MixedMaterials Electrònic Capítol de llibre
KOHA link:https://koha.lib.tpu.ru/cgi-bin/koha/opac-detail.pl?biblionumber=231199

MARC

LEADER 00000nla2a2200000 4500
001 231199
005 20231031202711.0
035 |a (RuTPU)RU\TPU\book\252215 
035 |a RU\TPU\book\252207 
090 |a 231199 
100 |a 20130130d2012 k y0rusy50 ca 
101 0 |a rus 
102 |a RU 
105 |a y z 101zy 
181 0 |a i  
182 0 |a b 
200 1 |a Формирование иноязычной компетентности инженера в образовательном процессе новокузнецкого филиала ТПУ (на примере языковой школы)  |b Электронный ресурс  |f А. Л. Морозова, Ю. А. Арнст, А. И. Габдуллина 
203 |a Текст  |c электронный 
225 1 |a Родной и иностранные языки в профессиональной деятельности инженера/специалиста 
230 |a 1 компьютерный файл (pdf; 461 Кб) 
300 |a Заглавие с экрана 
320 |a [Библиогр.: с. 256-257 (5 назв.)] 
337 |a Adobe Reader 
463 1 |0 (RuTPU)RU\TPU\book\240708  |t Уровневая подготовка специалистов: государственные и международные стандарты инженерного образования  |o сборник трудов научно-методической конференции, 3-6 апреля 2012 г.  |f Национальный исследовательский Томский политехнический университет (ТПУ)  |v [С. 255-257]  |d 2012 
610 1 |a труды учёных ТПУ 
610 1 |a электронный ресурс 
610 1 |a образовательный процесс 
610 1 |a компетентность 
610 1 |a инженеры 
610 1 |a иностранные языки 
700 1 |a Морозова  |b А. Л.  |c специалист в области социально-гуманитарных дисциплин  |c доцент Новокузнецкого филиала Томского политехнического университета  |g Анна Леонидовна  |2 stltpush  |3 (RuTPU)RU\TPU\pers\29293 
701 1 |a Арнст  |b Ю. А. 
701 1 |a Габдуллина  |b А. И. 
801 2 |a RU  |b 63413507  |c 20130201  |g RCR 
856 4 |u http://www.lib.tpu.ru/fulltext/c/2012/C09/115.pdf 
942 |c CF